000 00601nam a2200205Ia 4500
003 GCL
008 140319s9999 xx 000 0 ara d
040 _aGCL /
_cGCL
082 0 4 _a418.02
_bم ف
100 1 _aمحمد عنانى
245 1 0 _aفن الترجمة /
_cمحمد عنانى
260 _a[S.N] :
_bالشركة المصرية العالمية للنشر ،
_c1994
300 _a190 ص
490 _a
650 0 4 _aاللغة العربية
650 0 4 _aالترجمة
650 0 4 _aالتراجم الذاتية
650 0 4 _aاللغة الانجليزية
942 _2ddc
_cBK
999 _c33009
_d33009